[Event "SK Schmiden/Cannstatt - Stuttgarter SF 2"]
[Site "?"]
[Date "2022.04.10"]
[Round "8.1"]
[White "Beyer, Christian"]
[Black "Krockenberger, Martin"]
[Result "1-0"]
[WhiteElo "2293"]
[BlackElo "2237"]
[PlyCount "89"]
[EventDate "2022.??.??"]

1. e4 e6 2. d4 d5 3. Nc3 Bb4 4. e5 c5 5. a3 Bxc3+ 6. bxc3 Ne7 7. Nf3 b6 8. Bb5+
Bd7 9. Be2 Ba4 10. O-O Nbc6 11. Re1 h6 12. Bf1 Rc8 13. dxc5 bxc5 14. Be3 Qa5
15. Bd2 Qc7 16. h4 Rb8 17. c4 dxc4 18. Bxc4 O-O 19. Bd3 Rfd8 20. Qc1 Nd4 21.
Nxd4 Rxd4 22. Bxh6 Rxd3 23. cxd3 gxh6 24. Qxh6 Nf5 25. Qf4 Bc6 26. Rec1 Qe7 27.
Rc4 Bd5 28. Qg4+ Kh7 29. Qh5+ Nh6 30. Rg4 Rb3 31. Rd1 Rxa3 32. Rf4 Kg7 33. Rf6
Ng8 34. Qg5+ Kf8 35. h5 a5 36. h6 Nxh6 37. Qxh6+ Ke8 38. Rf4 Rb3 39. Ra4 Rb5
40. Rda1 Qc7 41. Qg7 Qb7 42. Rxa5 Rxa5 43. Rxa5 Qb1+ 44. Kh2 Qxd3 45. Ra7 1-0

[Event "SK Schmiden/Cannstatt - Stuttgarter SF 2"]
[Site "?"]
[Date "2022.04.10"]
[Round "8.2"]
[White "Holzhaeuer, Mathias"]
[Black "Fritsch, Rolf"]
[Result "1-0"]
[WhiteElo "2242"]
[BlackElo "2183"]
[PlyCount "41"]
[EventDate "2022.??.??"]

1. e4 g6 2. d4 Bg7 3. Nc3 d6 4. f4 a6 5. Nf3 b5 6. Bd3 Bb7 7. Be3 Nd7 8. e5 c5
9. Be4 Bxe4 10. Nxe4 cxd4 11. Bxd4 dxe5 12. fxe5 Nf8 13. Nfg5 Nh6 14. c3 Qd5
15. Qf3 Rd8 16. O-O Ne6 17. Nxe6 Qxe6 18. Nc5 Qc8 19. e6 Rxd4 20. exf7+ Kf8 21.
Ne6+ 1-0

[Event "SK Schmiden/Cannstatt - Stuttgarter SF 2"]
[Site "?"]
[Date "2022.04.10"]
[Round "8.4"]
[White "L�hr, Markus"]
[Black "Gabriel, Robert"]
[Result "0-1"]
[WhiteElo "2227"]
[BlackElo "2199"]
[PlyCount "98"]
[EventDate "2022.??.??"]

1. d4 d5 2. Nf3 Nf6 3. c4 e6 4. g3 Bb4+ 5. Bd2 Be7 6. Bg2 O-O 7. O-O b6 8. cxd5
exd5 9. Nc3 Bb7 10. Qc2 Nbd7 11. Rad1 c5 12. Bf4 c4 13. Ne5 Rc8 14. Qa4 $18 a6
15. Nxd7 Nxd7 16. Nxd5 b5 17. Qc2 Ba8 18. Nxe7+ Qxe7 19. Bxa8 Rxa8 20. e4 Rfe8
21. Rfe1 h6 22. Kg2 Rac8 23. e5 Nb6 24. d5 Qb7 25. Qe4 Na4 26. d6 Qxe4+ 27.
Rxe4 Rcd8 28. Re2 Nc5 29. h4 f6 30. Rd5 Ne6 31. Kf1 Nxf4 32. gxf4 Kf7 33. Rc5
Rd7 34. Rc6 fxe5 35. fxe5 Ke6 36. Rxa6 Rf8 37. Rb6 Rf4 38. Rxb5 Rxh4 39. a4
Rh1+ 40. Kg2 Ra1 41. Rb4 Ra7 42. Rxc4 R1xa4 43. Rc8 Rg4+ 44. Kh3 h5 45. Re8+
Kf7 46. Rh8 Ke6 47. Rxh5 Rg1 48. f4 g6 49. Rg5 Rh7+ 0-1

[Event "SK Schmiden/Cannstatt - Stuttgarter SF 2"]
[Site "?"]
[Date "2022.04.10"]
[Round "8.5"]
[White "Weidel, Albrecht"]
[Black "Thoma, Christian"]
[Result "1/2-1/2"]
[WhiteElo "2136"]
[BlackElo "2177"]
[PlyCount "106"]
[EventDate "2022.??.??"]

1. d4 Nf6 2. Nf3 e6 3. g3 b5 4. Bg2 Bb7 5. O-O Be7 6. a4 b4 7. c4 bxc3 8. bxc3
O-O 9. Qb3 Qc8 10. Ba3 d6 11. Nbd2 Nbd7 12. c4 Rb8 13. Qd3 c5 14. e3 Bc6 15.
Qc2 Qa6 16. a5 Rfc8 17. Rfc1 Bf8 18. e4 cxd4 19. Nxd4 Ba8 20. Bf1 Nc5 21. Bxc5
Rxc5 22. N4b3 Rc7 23. Bd3 Qc8 24. c5 h6 25. Nc4 dxc5 26. Nbd2 Qe8 27. Rab1 Rd8
28. f3 Qd7 29. Be2 g5 30. Kf1 Rb7 31. Rd1 Rxb1 32. Nxb1 Qc7 33. Rxd8 Qxd8 34.
Nbd2 Nd7 35. Qd3 Qc7 36. Qe3 Bc6 37. f4 gxf4 38. gxf4 Bg7 39. e5 Bd5 40. Bh5 f6
41. Bf3 fxe5 42. f5 Bxf3 43. Qxf3 exf5 44. Qd5+ Kh8 45. Nd6 Nf6 46. Qxe5 Ng4
47. Qe6 Ne3+ 48. Ke2 f4 49. Qe8+ Kh7 50. Qe4+ Kh8 51. Qe8+ Kh7 52. Qe4+ Kg8 53.
Qe6+ Kh7 1/2-1/2

[Event "SK Schmiden/Cannstatt - Stuttgarter SF 2"]
[Site "?"]
[Date "2022.04.10"]
[Round "8.6"]
[White "Eisele, Steffen"]
[Black "Forster, Lukas"]
[Result "1/2-1/2"]
[WhiteElo "2240"]
[BlackElo "1897"]
[PlyCount "51"]
[EventDate "2022.??.??"]

1. e4 e5 2. Bc4 Nf6 3. d3 c6 4. Nf3 d5 5. Bb3 Bb4+ 6. Bd2 Bxd2+ 7. Nbxd2 Qd6 8.
O-O Nbd7 9. d4 O-O 10. Re1 dxe4 11. Nxe4 Nxe4 12. Rxe4 exd4 13. Qxd4 Qxd4 14.
Nxd4 Nc5 15. Re7 Bd7 16. Bc4 Rae8 17. Rae1 Rxe7 18. Rxe7 b5 19. Bxb5 cxb5 20.
b4 Rd8 21. bxc5 Kf8 22. Re1 Be6 23. Nxb5 Rd5 24. Nxa7 Rxc5 25. h3 Bxa2 26. Ra1
1/2-1/2

[Event "SK Schmiden/Cannstatt - Stuttgarter SF 2"]
[Site "?"]
[Date "2022.04.10"]
[Round "8.8"]
[White "Aidam-Reinisch, Guenther"]
[Black "Gabriel, Josef"]
[Result "1/2-1/2"]
[WhiteElo "1724"]
[BlackElo "2051"]
[PlyCount "104"]
[EventDate "2022.??.??"]

1. e4 g6 2. d4 Bg7 3. c4 d6 4. Nc3 e5 5. d5 a5 6. Bd3 Nf6 7. Nge2 O-O 8. f3 Na6
9. a3 Nc5 10. Bc2 Bd7 11. Be3 Ne8 12. O-O h5 13. Qd2 Kh7 14. b4 Na6 15. Rfb1 b6
16. Bd3 h4 17. c5 dxc5 18. Bxa6 Rxa6 19. bxc5 bxc5 20. Bxc5 Nd6 21. Qd3 Qa8 22.
Rb2 Re8 23. Rab1 Bf8 24. h3 f5 25. Kh2 Bh6 26. Bxd6 Rxd6 27. Nb5 Bxb5 28. Qxb5
Re7 29. Qc5 fxe4 30. fxe4 Rf7 31. Ng1 Qd8 32. Qxa5 Qf6 33. Qe1 Bf4+ 34. Kh1 Bg3
35. Qe2 Ra6 36. Rb3 Qd6 37. Nf3 Rf4 38. Qd3 Ra8 39. Rc3 Kh6 40. Kg1 Ra4 41. Qe3
Raxe4 42. Qd2 Kh5 43. Rc6 Qe7 44. Qc2 Qxa3 45. Rxc7 Qe3+ 46. Kh1 Rxf3 47. gxf3
Qxf3+ 48. Qg2 Qd3 49. Rf1 Re3 50. Rh7+ Kg5 51. Rhf7 e4 52. Qb2 Qc3 1/2-1/2

[Event "TSV Schönaich 2 - TG Biberach"]
[Site "?"]
[Date "2022.04.10"]
[Round "8.1"]
[White "Deuer, Marius"]
[Black "Koelle, Tobias"]
[Result "0-1"]
[WhiteElo "2356"]
[BlackElo "2384"]
[PlyCount "64"]
[EventDate "2022.??.??"]

1. d4 Nf6 2. c4 e6 3. Nc3 Bb4 4. e3 O-O 5. Nge2 c6 6. a3 Ba5 7. b4 Bc7 8. Ng3
d5 9. Bb2 Nbd7 10. Be2 dxc4 11. Bxc4 e5 12. Nce4 Nxe4 13. Nxe4 Qe7 14. Ng3 a5
15. b5 exd4 16. bxc6 bxc6 17. Qxd4 Be5 18. Qd2 Qf6 19. Ne4 Qh4 20. Bd3 Ba6 21.
Bc3 Rfd8 22. g3 Qe7 23. Bxa6 Nc5 24. Qe2 Nxe4 25. Bxe5 Qxe5 26. O-O Rd2 27. Qc4
Nxf2 28. Qxc6 Rad8 29. Bc4 Nh3+ 30. Kh1 Qb2 31. Bxf7+ Kh8 32. Ra2 Rxh2# 0-1

[Event "TSV Schönaich 2 - TG Biberach"]
[Site "?"]
[Date "2022.04.10"]
[Round "8.2"]
[White "Richter, Nils"]
[Black "Fischer, Andre"]
[Result "1-0"]
[WhiteElo "2381"]
[BlackElo "2275"]
[PlyCount "75"]
[EventDate "2022.??.??"]

1. d4 Nf6 2. c4 c5 3. d5 e6 4. Nc3 exd5 5. cxd5 d6 6. g3 g6 7. Bg2 Bg7 8. Nf3
O-O 9. O-O Re8 10. Bf4 Ne4 11. Nxe4 Rxe4 12. Nd2 Rb4 13. a3 Rxf4 14. gxf4 Bxb2
15. Rb1 Bxa3 16. Ne4 Bb4 17. Rb3 Bf5 18. Ng3 Qf6 19. Qc1 Na6 20. e4 Bd7 21. e5
dxe5 22. Ne4 Qg7 23. Qa1 c4 24. Rxb4 Nxb4 25. fxe5 Bf5 26. Nf6+ Kh8 27. Qc3 Nd3
28. d6 Nc5 29. Qxc4 Nd7 30. Bxb7 Rf8 31. Qd4 Rd8 32. Re1 Be6 33. Bc6 Nxf6 34.
exf6 Qf8 35. Rxe6 fxe6 36. f7+ Qg7 37. Be8 Qxd4 38. f8=Q# 1-0

[Event "TSV Schönaich 2 - TG Biberach"]
[Site "?"]
[Date "2022.04.10"]
[Round "8.3"]
[White "Oberst, Thomas"]
[Black "Lorscheid, Gerhard"]
[Result "1-0"]
[WhiteElo "2250"]
[BlackElo "2160"]
[PlyCount "95"]
[EventDate "2022.??.??"]

1. c4 d6 2. Nc3 e5 3. g3 g6 4. Bg2 Bg7 5. d3 f5 6. e3 Nf6 7. Nge2 O-O 8. O-O c6
9. b4 e4 10. Bb2 Na6 11. a3 Be6 12. Rc1 exd3 13. Qxd3 Qe7 14. Na4 Rad8 15. Rfd1
d5 16. cxd5 Bxd5 17. Bxd5+ Rxd5 18. Qb3 Qf7 19. Nf4 Rxd1+ 20. Qxd1 Nc7 21. Nc5
Ncd5 22. Bxf6 Bxf6 23. Nxd5 cxd5 24. Rc2 Rc8 25. Rd2 b6 26. Nb3 Rc3 27. Rxd5 h5
28. h4 Qe6 29. Rd3 Qc4 30. Rxc3 Qxc3 31. Qd5+ Kg7 32. b5 Qb2 33. a4 Qa2 34. Qc4
Kh7 35. Kg2 Qa3 36. Nd4 Bxd4 37. exd4 f4 38. gxf4 Qd6 39. Qf7+ Kh6 40. d5 Qb4
41. Qe8 Kh7 42. Qe5 Qxa4 43. d6 Qd1 44. Qe6 Kg7 45. d7 Kh6 46. Kh2 Qd2 47. Kg1
Qd4 48. Qe8 1-0

[Event "TSV Schönaich 2 - TG Biberach"]
[Site "?"]
[Date "2022.04.10"]
[Round "8.4"]
[White "Brunner, Jan"]
[Black "Engelhart, Achim"]
[Result "1-0"]
[WhiteElo "2166"]
[BlackElo "2057"]
[PlyCount "111"]
[EventDate "2022.??.??"]

1. c4 c5 2. Nf3 Nc6 3. d4 cxd4 4. Nxd4 Qb6 5. Nb3 e6 6. a3 Nf6 7. Nc3 d6 8. e4
Be7 9. Be3 Qc7 10. Rc1 O-O 11. Be2 Ne5 12. O-O b6 13. Nd2 Bb7 14. b4 Rac8 15.
f4 Ned7 16. Bd3 a6 17. Nb3 Qb8 18. Qe2 Qa8 19. Bd4 e5 20. fxe5 Nxe5 21. Nd5
Bxd5 22. cxd5 b5 23. Na5 Nfd7 24. a4 bxa4 25. Bxa6 Rxc1 26. Rxc1 Bf6 27. Be3 a3
28. Kh1 Ng6 29. Nc6 Bb2 30. Rf1 Qe8 31. Bc1 Bxc1 32. Rxc1 f5 33. exf5 Qxe2 34.
Bxe2 Nf4 35. Bc4 Nb6 36. Bb3 Kf7 37. g3 Nd3 38. Ra1 Ra8 39. Kg2 Kf6 40. Kf3
Ne5+ 41. Kf4 Nd3+ 42. Ke4 Nf2+ 43. Ke3 Nh3 44. Nd4 Ke5 45. Nb5 Kxf5 46. Nxd6+
Ke5 47. Nf7+ Kf6 48. Rf1+ Ke7 49. d6+ Kd7 50. Kd4 h6 51. Kc5 Na4+ 52. Bxa4+
Rxa4 53. Kd5 Rxb4 54. Ne5+ Kc8 55. d7+ Kc7 56. Rc1+ 1-0

[Event "TSV Schönaich 2 - TG Biberach"]
[Site "?"]
[Date "2022.04.10"]
[Round "8.5"]
[White "Birkenmaier, Rainer"]
[Black "Reck, Moritz"]
[Result "1/2-1/2"]
[WhiteElo "2106"]
[BlackElo "2129"]
[PlyCount "60"]
[EventDate "2022.??.??"]

1. d4 g6 2. Nf3 Bg7 3. c3 Nf6 4. Bg5 h6 5. Bxf6 Bxf6 6. Nbd2 d6 7. e4 Nc6 8. h3
e5 9. Bb5 exd4 10. Nxd4 Bd7 11. N2f3 O-O 12. Nxc6 bxc6 13. Bd3 Rb8 14. Qc2 Bg7
15. O-O Qf6 16. Nh2 Rb6 17. Rac1 a5 18. Qd2 a4 19. Bc4 Qe5 20. Rfe1 Qc5 21. b3
Kh7 22. Qe3 Qxe3 23. Rxe3 axb3 24. axb3 Be6 25. Bxe6 fxe6 26. b4 Ra6 27. Nf3
Ra2 28. Kf1 Rf4 29. Ke1 Kg8 30. g3 Rf7 1/2-1/2

[Event "TSV Schönaich 2 - TG Biberach"]
[Site "?"]
[Date "2022.04.10"]
[Round "8.6"]
[White "Kuebler, Marcus"]
[Black "Namyslo, Holger"]
[Result "0-1"]
[WhiteElo "1969"]
[BlackElo "2182"]
[PlyCount "92"]
[EventDate "2022.??.??"]

1. d4 d5 2. Nf3 Nf6 3. c4 e6 4. g3 Be7 5. Bg2 O-O 6. O-O dxc4 7. Ne5 Nc6 8.
Nxc6 bxc6 9. Na3 Bxa3 10. bxa3 Ba6 11. Qa4 Bb5 12. Qa5 c3 13. Qxc3 Bxe2 14. Re1
Bb5 15. a4 Bxa4 16. Qa5 Bb5 17. a4 Bc4 18. Bxc6 Bd5 19. Bxa8 Qxa8 20. Qa6 Rd8
21. Be3 Bg2 22. Qe2 Bf3 23. Qf1 Ne8 24. Rec1 Qe4 25. Rc5 f6 26. Rac1 Rd7 27. h3
h6 28. Kh2 Qb7 29. Qb5 c6 30. Qd3 Bd5 31. Rb1 Qc8 32. Rb2 Qd8 33. Qb1 Qe7 34.
Rb8 Kf7 35. a5 Nd6 36. Rc1 Nc4 37. a6 Nxe3 38. fxe3 Qa3 39. Rb7 Re7 40. Rxe7+
Kxe7 41. Qb7+ Ke8 42. Rb1 Qxe3 43. Qb2 f5 44. Rf1 Qd3 45. Ra1 Qf3 46. Ra3 Qh1#
0-1

[Event "TSV Schönaich 2 - TG Biberach"]
[Site "?"]
[Date "2022.04.10"]
[Round "8.7"]
[White "Merk, Tobias"]
[Black "Steinhart, Christoph"]
[Result "1/2-1/2"]
[WhiteElo "2057"]
[BlackElo "1998"]
[PlyCount "62"]
[EventDate "2022.??.??"]

1. e4 c5 2. c3 d5 3. exd5 Qxd5 4. d4 Nc6 5. Nf3 Bg4 6. dxc5 Qxd1+ 7. Kxd1 e5 8.
b4 e4 9. h3 exf3 10. hxg4 a5 11. Bd2 axb4 12. cxb4 O-O-O 13. a3 Ne5 14. gxf3
Nxf3 15. Bg2 Nxd2 16. Nxd2 Nf6 17. g5 Nd5 18. Kc2 Be7 19. Nc4 Nf4 20. Bf3 Rd4
21. Na5 Rhd8 22. Bxb7+ Kc7 23. Rad1 Rxd1 24. Rxd1 Rxd1 25. Kxd1 Bxg5 26. b5 Ne6
27. b6+ Kb8 28. c6 Bd8 29. c7+ Nxc7 30. bxc7+ Bxc7 31. Be4 Bxa5 1/2-1/2

[Event "TSV Schönaich 2 - TG Biberach"]
[Site "?"]
[Date "2022.04.10"]
[Round "8.8"]
[White "Kilinc, Can"]
[Black "Mock, Markus"]
[Result "1-0"]
[WhiteElo "1950"]
[BlackElo "1956"]
[PlyCount "151"]
[EventDate "2022.??.??"]

1. e4 c5 2. Nf3 e6 3. d4 cxd4 4. Nxd4 a6 5. Bd3 Qc7 6. O-O Nf6 7. Qe2 d5 8. e5
Nfd7 9. Re1 Nc6 10. Nxc6 bxc6 11. c3 a5 12. Kh1 Nc5 13. Bc2 Ba6 14. Qe3 h5 15.
Nd2 g6 16. Nf3 Nd7 17. Ng5 Bh6 18. Qf4 Bxg5 19. Qxg5 Qd8 20. Qf4 Qe7 21. h4 Nc5
22. Qg3 Rb8 23. b3 Qc7 24. Ba3 Nb7 25. Rad1 c5 26. Qf4 Bb5 27. Rd2 Qe7 28. Re3
Rg8 29. Rg3 Bc6 30. c4 Nd8 31. Rg5 Kd7 32. cxd5 Bxd5 33. Be4 Kc6 34. Qf3 Qd7
35. Qd3 Rb5 36. Rg3 Nb7 37. Qc2 Qe7 38. Rg5 Rd8 39. Kh2 Kb6 40. Bd3 f6 41. exf6
Qxf6 42. Rxg6 Qxh4+ 43. Kg1 Rb4 44. Bxb4 axb4 45. Re2 Qd4 46. Be4 Qa1+ 47. Qb1
Qxb1+ 48. Bxb1 c4 49. bxc4 Bxc4 50. Rb2 Ka5 51. Rg3 Rd1+ 52. Kh2 Nd6 53. Rh3
Rd5 54. Bg6 Ka4 55. Bc2+ Ka5 56. Bb3 Rg5 57. Bxc4 Nxc4 58. Re2 e5 59. Rf3 Nd6
60. Rd3 Nc4 61. Rd5+ Ka4 62. Rc5 Rg4 63. f3 Rd4 64. Re4 Nd2 65. Rexe5 Ka3 66.
Ra5+ Kb2 67. Red5 Rxd5 68. Rxd5 Nc4 69. Rc5 Na3 70. f4 Kxa2 71. Rc8 b3 72. f5
b2 73. Rb8 b1=Q 74. Rxb1 Kxb1 75. f6 Nc4 76. f7 1-0

[Event "SV Nürtingen - SG Schwäbisch Gmünd"]
[Site "?"]
[Date "2022.04.10"]
[Round "8.1"]
[White "Velicka, Petr"]
[Black "Weigand, Bernhard"]
[Result "1-0"]
[WhiteElo "2389"]
[BlackElo "2188"]
[PlyCount "71"]
[EventDate "2022.??.??"]

1. Nf3 d5 2. d4 e6 3. c4 f5 4. g3 Nf6 5. Bg2 Be7 6. O-O O-O 7. b3 b6 8. Ba3 c5
9. Ne5 Bb7 10. Nc3 Ne4 11. Rc1 Na6 12. e3 Bf6 13. f4 Be7 14. Qe2 cxd4 15. Bxe7
Qxe7 16. exd4 Nc7 17. Qe3 Rac8 18. Rfd1 Rfd8 19. a3 Ne8 20. Nxe4 dxe4 21. b4
Nf6 22. b5 g6 23. a4 Kg7 24. Bf1 h5 25. a5 Ng4 26. Nxg4 hxg4 27. Rd2 Rc7 28. c5
bxc5 29. dxc5 Rxd2 30. Qxd2 a6 31. c6 Ba8 32. b6 Rxc6 33. Rxc6 Bxc6 34. Qc3+
Qf6 35. Qxf6+ Kxf6 36. Bxa6 1-0

[Event "SV Nürtingen - SG Schwäbisch Gmünd"]
[Site "?"]
[Date "2022.04.10"]
[Round "8.2"]
[White "Mehne, Claudius"]
[Black "Zimmermann, Ulrich"]
[Result "0-1"]
[WhiteElo "2222"]
[BlackElo "2273"]
[PlyCount "136"]
[EventDate "2022.??.??"]

1. c4 Nf6 2. Nf3 g6 3. b3 Bg7 4. Bb2 O-O 5. g3 a6 6. Bg2 Nc6 7. O-O Rb8 8. d4
d6 9. Nbd2 e5 10. dxe5 Nd7 11. Qc2 dxe5 12. Rad1 Qe7 13. Ne4 Nb4 14. Qb1 a5 15.
Nc3 c6 16. Ne4 Nc5 17. Nxc5 Qxc5 18. Qa1 Re8 19. a3 Na6 20. Nd2 Bf5 21. Ne4
Bxe4 22. Bxe4 a4 23. Bc2 axb3 24. Bxb3 Qe7 25. Qc1 Nc5 26. Qc2 Rbd8 27. Bc3 Ne6
28. Bb4 c5 29. Bc3 Nd4 30. Qb2 e4 31. Ba4 Rf8 32. Bxd4 Bxd4 33. Qb5 e3 34. f3
f5 35. Rb1 Rf7 36. Bc2 h5 37. Kg2 h4 38. Bd3 Kg7 39. Qb6 Rd6 40. Qb3 Qg5 41. f4
Qh5 42. Rf3 Ra6 43. Rbf1 h3+ 44. Kg1 Qh8 45. a4 Qe8 46. Bc2 Qe6 47. Rb1 Kh6 48.
Qa2 Rb6 49. Rxb6 Qxb6 50. Qb1 Qxb1+ 51. Bxb1 Rd7 52. Rf1 Bc3 53. Rc1 Rd2 54.
Kf1 Bb2 55. Re1 Kh5 56. Bd3 Kg4 57. Rb1 Bc3 58. Rc1 Ra2 59. Bb1 Ra1 60. Kg1 Kh5
61. Kf1 Bd2 62. Rd1 Rxa4 63. Bd3 Ra2 64. Rb1 Bc3 65. Rxb7 Kg4 66. Rb3 Rd2 67.
Rb1 Rxd3 68. exd3 Kf3 0-1

[Event "SV Nürtingen - SG Schwäbisch Gmünd"]
[Site "?"]
[Date "2022.04.10"]
[Round "8.3"]
[White "Jurek, Josef"]
[Black "Mareck, Sascha"]
[Result "1-0"]
[WhiteElo "2195"]
[BlackElo "2126"]
[PlyCount "88"]
[EventDate "2022.??.??"]

1. d4 Nf6 2. c4 g6 3. Nf3 Bg7 4. g3 O-O 5. Bg2 d6 6. Nc3 Bf5 7. Qb3 Qc8 8. Nh4
c6 9. Nxf5 gxf5 10. d5 Nbd7 11. O-O Nc5 12. Qc2 cxd5 13. Nxd5 Nxd5 14. cxd5 Na6
15. Qa4 b5 16. Qh4 Qc4 17. Qxe7 Nb4 18. Qxd6 Rad8 19. Qf4 Nxd5 20. Qxf5 Rfe8
21. e4 Nb4 22. Bg5 Rc8 23. Rac1 Nc2 24. b3 Qc3 25. Qg4 Kh8 26. Qd7 a6 27. Qxf7
Qb2 28. Rxc2 Qxc2 29. Bf6 Rg8 30. e5 Qc5 31. Be4 Rc7 32. Qe6 Rf8 33. Qxa6 Bxf6
34. exf6 Rcf7 35. Qc6 Qd4 36. Qc2 h6 37. a4 bxa4 38. bxa4 Rxf6 39. Bd3 Rf3 40.
Bb5 Kg7 41. Qe2 Ra3 42. Rd1 Ra1 43. Rxa1 Qxa1+ 44. Kg2 Qc3 1-0

[Event "SV Nürtingen - SG Schwäbisch Gmünd"]
[Site "?"]
[Date "2022.04.10"]
[Round "8.4"]
[White "Schwarz, Arnd-Ruediger"]
[Black "Denisow, Jewgeny"]
[Result "1/2-1/2"]
[WhiteElo "2119"]
[BlackElo "2148"]
[PlyCount "66"]
[EventDate "2022.??.??"]

1. d4 Nf6 2. Nf3 d5 3. c4 c6 4. Qc2 Bg4 5. Ne5 e6 6. Nxg4 Nxg4 7. e3 Bd6 8. Be2
Qh4 9. g3 Qh3 10. Bf1 Qh5 11. h3 Nf6 12. Nc3 Bb4 13. Bg2 O-O 14. a3 Bxc3+ 15.
bxc3 Nbd7 16. O-O Nb6 17. Rb1 Nxc4 18. Rxb7 Qg6 19. Qa4 Qd3 20. Qxc6 Qxc3 21.
Qc5 Qa5 22. Rb5 Qa6 23. Qb4 Qd6 24. Bd2 Qxb4 25. Bxb4 Rfb8 26. a4 Rxb5 27. axb5
Rb8 28. Ra1 Rxb5 29. Rxa7 h6 30. Ra4 Nb2 31. Bf1 Rb8 32. Bd6 Nxa4 33. Bxb8 Nb6
1/2-1/2

[Event "SV Nürtingen - SG Schwäbisch Gmünd"]
[Site "?"]
[Date "2022.04.10"]
[Round "8.5"]
[White "Weiss, Andreas"]
[Black "Aring, Gerd"]
[Result "0-1"]
[WhiteElo "2143"]
[BlackElo "2184"]
[PlyCount "56"]
[EventDate "2022.??.??"]

1. e4 c5 2. Nf3 Nc6 3. d4 cxd4 4. Nxd4 Nf6 5. Nc3 e5 6. Ndb5 d6 7. Bg5 a6 8.
Na3 b5 9. Nd5 Be7 10. Bxf6 Bxf6 11. c3 O-O 12. Nc2 Bg5 13. a4 bxa4 14. Rxa4 a5
15. Bc4 Rb8 16. b3 Be6 17. O-O g6 18. Qd3 Kg7 19. Rb1 f5 20. Nde3 fxe4 21. Qxe4
Bd7 22. Ra2 Qb6 23. Rd1 Ne7 24. Qd3 Rf6 25. b4 a4 26. Ne1 Bxe3 27. fxe3 d5 28.
Re2 Bf5 0-1

[Event "SV Nürtingen - SG Schwäbisch Gmünd"]
[Site "?"]
[Date "2022.04.10"]
[Round "8.6"]
[White "Gold, Stefan"]
[Black "Hoenick, Andreas"]
[Result "0-1"]
[WhiteElo "1994"]
[BlackElo "2128"]
[PlyCount "68"]
[EventDate "2022.??.??"]

1. d4 d5 2. Nf3 Nf6 3. e3 c5 4. Bd3 Nc6 5. O-O Bg4 6. c3 e6 7. Nbd2 Bd6 8. Re1
O-O 9. h3 Bh5 10. Qc2 c4 11. Bf1 Bg6 12. Qd1 h6 13. b3 b5 14. Bb2 Qc7 15. Qc1
Rfc8 16. Be2 Qb6 17. bxc4 bxc4 18. Ba3 Ne8 19. Bd1 Qa5 20. Bxd6 Nxd6 21. Bc2
Qxc3 22. Bxg6 Qxc1 23. Bxf7+ Kxf7 24. Rexc1 Rab8 25. Nb1 Ne4 26. Nc3 Nxc3 27.
Rxc3 Rb2 28. Ra3 Rc7 29. Ra6 Ke7 30. Ra3 Nb4 31. Rc3 Nd3 32. Rd1 Nxf2 33. Rd2
Rxd2 34. Nxd2 Nd1 0-1

[Event "SV Nürtingen - SG Schwäbisch Gmünd"]
[Site "?"]
[Date "2022.04.10"]
[Round "8.7"]
[White "Bergner, Philipp"]
[Black "Auch, Stefan"]
[Result "1-0"]
[WhiteElo "2096"]
[BlackElo "2088"]
[PlyCount "115"]
[EventDate "2022.??.??"]

1. d4 d5 2. c4 e6 3. Nc3 Nf6 4. cxd5 exd5 5. Bg5 Be7 6. Qc2 c6 7. e3 Ne4 8.
Bxe7 Qxe7 9. Nxd5 cxd5 10. Qxc8+ Qd8 11. Bb5+ Nc6 12. Qxd8+ Kxd8 13. Nf3 f6 14.
Bxc6 bxc6 15. Nd2 Nxd2 16. Kxd2 Kd7 17. Rhc1 Rab8 18. b3 Rb6 19. Rc5 Rhb8 20.
Ra5 a6 21. Rc1 Ra8 22. Rcc5 f5 23. Kd3 g6 24. Ra4 Kd6 25. Rca5 Ra7 26. h4 Ra8
27. b4 Ra7 28. a3 Ra8 29. f3 Ra7 30. e4 fxe4+ 31. fxe4 dxe4+ 32. Kxe4 Re7+ 33.
Re5 Rf7 34. h5 Rf2 35. hxg6 hxg6 36. Rg5 Rf6 37. g4 Rb5 38. Re5 Rb6 39. Rea5
Rf1 40. Rxa6 Re1+ 41. Kf4 Rb5 42. R4a5 g5+ 43. Kf3 Kd5 44. Rxb5+ cxb5 45. Rg6
Kxd4 46. Rxg5 Re3+ 47. Kf4 Rxa3 48. Rxb5 Kc4 49. Rb8 Kd5 50. Kf5 Rf3+ 51. Kg6
Ke6 52. g5 Ke7 53. Rb6 Rg3 54. b5 Rg1 55. Rf6 Rb1 56. b6 Rb5 57. Rf7+ Ke8 58.
b7 1-0

[Event "SV Nürtingen - SG Schwäbisch Gmünd"]
[Site "?"]
[Date "2022.04.10"]
[Round "8.8"]
[White "Templin, Klaus-Dieter"]
[Black "Pohl, Walter"]
[Result "0-1"]
[WhiteElo "2033"]
[BlackElo "2093"]
[PlyCount "96"]
[EventDate "2022.??.??"]

1. d4 d5 2. c4 Nc6 3. Nc3 Nf6 4. Nf3 Bg4 5. cxd5 Nxd5 6. e4 Nb6 7. Be3 Bxf3 8.
gxf3 a6 9. Rc1 e5 10. d5 Nb8 11. a3 Be7 12. Rg1 O-O 13. f4 Bf6 14. f5 Re8 15.
Qg4 Kh8 16. Rg3 N8d7 17. Rh3 Nf8 18. Be2 Rc8 19. Rd1 Nbd7 20. Kf1 b5 21. Rg3
Rb8 22. b4 Nb6 23. h4 Nfd7 24. h5 Rg8 25. h6 g6 26. fxg6 fxg6 27. Qh3 Qe7 28.
Bg4 Rbd8 29. Bxd7 Rxd7 30. Bc5 Qd8 31. Rgd3 Nc4 32. Ra1 Re8 33. Kg1 Bg5 34. Nd1
Rf7 35. Rf3 Bf4 36. Be3 Qg5+ 37. Kh1 Ref8 38. Bxf4 Rxf4 39. Rg3 Qf6 40. Qd7
Qh4+ 41. Kg2 Qxh6 42. Ra2 Rxe4 43. Nc3 Rh4 44. Qe7 Rh2+ 45. Kf1 Qc1+ 46. Ke2
Rhxf2+ 47. Kd3 Rd2+ 48. Rxd2 Qxd2+ 0-1

[Event "SC Weiße Dame Ulm - SF Deizisau 2"]
[Site "?"]
[Date "2022.04.10"]
[Round "8.1"]
[White "Fischer, Sebastian"]
[Black "Fleischer, Frank"]
[Result "1/2-1/2"]
[WhiteElo "2309"]
[BlackElo "2201"]
[PlyCount "44"]
[EventDate "2022.??.??"]

1. d4 e6 2. a3 f5 3. c4 Nf6 4. Nc3 Be7 5. Qc2 O-O 6. Nf3 a5 7. h3 b6 8. g4 Bb7
9. Bg2 Ne4 10. gxf5 Nxc3 11. bxc3 exf5 12. d5 Na6 13. Nd4 Bc5 14. h4 Qf6 15.
Bg5 Qe5 16. e3 Rae8 17. Kf1 c6 18. Rg1 cxd5 19. Bf4 Qf6 20. Bg5 Qe5 21. Bf4 Qf6
22. Bg5 Qe5 1/2-1/2

[Event "SC Weiße Dame Ulm - SF Deizisau 2"]
[Site "?"]
[Date "2022.04.10"]
[Round "8.3"]
[White "Gustain, Marc"]
[Black "Bildt, Maximilian"]
[Result "1/2-1/2"]
[WhiteElo "2187"]
[BlackElo "2120"]
[PlyCount "60"]
[EventDate "2022.??.??"]

1. e4 c5 2. Nf3 d6 3. d4 cxd4 4. Qxd4 a6 5. Be2 Nc6 6. Qe3 Nf6 7. h3 e6 8. O-O
Be7 9. c4 O-O 10. Nc3 b6 11. Rd1 Nd7 12. b3 Bb7 13. Bb2 Qb8 14. Rd2 Nc5 15.
Rad1 Rd8 16. Ba3 a5 17. Nb5 Nb4 18. e5 d5 19. Nc3 dxc4 20. Bxc4 Rxd2 21. Rxd2
Qe8 22. Bb5 Bc6 23. Nd4 Bxb5 24. Ndxb5 Rd8 25. Nd6 Bxd6 26. exd6 Qc6 27. Qd4 f6
28. Bxb4 axb4 29. Qxb4 Rxd6 30. Rxd6 Qxd6 1/2-1/2

[Event "SC Weiße Dame Ulm - SF Deizisau 2"]
[Site "?"]
[Date "2022.04.10"]
[Round "8.4"]
[White "Kill, Matthias"]
[Black "Koellner, Aaron Noah"]
[Result "0-1"]
[WhiteElo "2047"]
[BlackElo "2162"]
[PlyCount "68"]
[EventDate "2022.??.??"]

1. Nf3 d5 2. d4 Nf6 3. c4 c6 4. e3 Bg4 5. h3 Bh5 6. Qb3 Qb6 7. Nh4 e6 8. Nc3
Be7 9. g4 Bg6 10. Nxg6 hxg6 11. Bg2 dxc4 12. Qxc4 Nbd7 13. Bd2 O-O 14. O-O-O
Rac8 15. g5 Nh5 16. h4 c5 17. d5 Ne5 18. Qe4 Bd6 19. Bf1 c4 20. Be1 exd5 21.
Nxd5 Qc6 22. Nc3 Qa6 23. f4 Nd7 24. Qf3 Nc5 25. Kb1 Rfe8 26. Bd2 b5 27. a3 Nb3
28. Nd5 Nxd2+ 29. Rxd2 Qa5 30. Rd1 c3 31. Nxc3 Bxa3 32. Nxb5 Bxb2 33. Kxb2 Qb4+
34. Ka1 Rc2 0-1

[Event "SC Weiße Dame Ulm - SF Deizisau 2"]
[Site "?"]
[Date "2022.04.10"]
[Round "8.5"]
[White "Gheng, Dominik"]
[Black "Wolf, Rainer"]
[Result "1/2-1/2"]
[WhiteElo "2039"]
[BlackElo "2020"]
[PlyCount "87"]
[EventDate "2022.??.??"]

1. e4 g6 2. d4 Bg7 3. f4 d6 4. Nf3 a6 5. c4 Bg4 6. Be3 e5 7. dxe5 dxe5 8. Qxd8+
Kxd8 9. Nxe5 Bxe5 10. fxe5 Nc6 11. Nc3 Nxe5 12. h3 Be6 13. O-O-O+ Nd7 14. Bd4
f6 15. Be2 c6 16. Na4 Ke8 17. Rd2 b5 18. Nc5 Nxc5 19. Bxc5 Rd8 20. Rxd8+ Kxd8
21. Rd1+ Kc7 22. Bd6+ Kb7 23. cxb5 axb5 24. a4 Bb3 25. Rd4 Bxa4 26. Bc5 h5 27.
Rb4 f5 28. e5 Nh6 29. e6 Re8 30. e7 Ng8 31. b3 Nxe7 32. bxa4 Nd5 33. Rb2 Nc3
34. Bf3 Nxa4 35. Rxb5+ Ka6 36. Bxc6 Rc8 37. Bb7+ Kxb5 38. Bxc8 Nxc5 39. Kd2 Kc6
40. Ke3 Kc7 41. Bxf5 gxf5 42. Kf4 h4 43. Kxf5 Nd3 44. Kg4 1/2-1/2